zpět

Detail výsledku týmu

Forrum, Brno

Datum a čas kvízu

14.5 Celkem bodů Celkový počet nahraných bodů na tomto kvízu bez doplňovacích otázek.
7. Pořadí na kvízu Konečné umístění týmu na tomto kvízu.

Zaznamenané odpovědi

# Otázka Odpověď Body Výsledky
1. Vedle kanceláře poslance SPD R... 0
2. Anglická motoristická žurnalis... 0
3. Soutěž World Press Photo letos... 1
4. Evropská unie vydala ve středu... 0
5. Minulý týden se začala prodáva... 0
6. Vzpomeňme v tomto tématu na zř... 0
7. Vyberte nepravdivé tvrzení o F... 0
8. Ze kterého Formanova filmu je... 0
9. Jakou větu pronesl v Přeletu n... 0
10. Pěknou vzpomínku na Formana na... 0